000 00374nam a2200145 i 4500
001 bg
100 1 _aBIERZANEK, Remigiusz
_d(1912-1993).
245 0 _aWspółczesne stosunki międzynarodowe /
_cRemigiusz Bierzanek.
260 _aWarszawa,
_c1980.
040 _cBPK
041 _apol
080 _a327(100)"19"
942 _cKS
008 s pl f |000 0 pol
999 _c21598
_d21598
856 _uhttp://koha.tu.koszalin.pl/cgi-bin/koha/opac-detail.pl?biblionumber=21598
_yKatalog online BPK